00596nam a2200145Ia 4500008004100000020002200041100002500063245011000088260003800198300002500236650002400261650002700285999001900312952011900331200909s9999 xx 000 0 und d a978-621-04-0005-2 aPawilen, Greg Tabios cPawilen, Greg TabiosaThe Teacher and the school curriculum:ba guide to curriculum development practice/ aQuezon City:bREX Bookstorec2019 ax, 155 pagesc25 cm. aCurriculum planning aEducation -- curricula c364161d364161 001040aCLbCLcFILd2020-09-09eLibrary fundl0oLB 1570 .P339 2019pC22340r2020-09-09 00:00:00w2020-09-09yBK